000 00549nam a22001817a 4500
008 230621b |||||||| |||| 00| 0 eng d
020 _a9780444876461
040 _aNational Science Library
_cNational Science Library
080 _aR 620.91(02)
_bM5.2
245 _aHandbook of natural resource and energy economics
260 _aAmsterdam
_bElsevier,
_c1985
300 _axx, 465p. -755p.
490 _a Handbooks in economics
_v 6
650 _aScience
653 _aEnergy economics
700 _aKneese, Allen V (Ed.)
942 _2udc
_cHDK
999 _c45972
_d45972